Stand off (Record no. 70975)
[ view plain ]
| 000 -LEADER | |
|---|---|
| fixed length control field | 00951cam a2200217 4500 |
| 001 - CONTROL NUMBER | |
| control field | ABS65809 |
| 008 - FIXED-LENGTH DATA ELEMENTS--GENERAL INFORMATION | |
| fixed length control field | 020819n2002 000 0 eng u |
| 035 ## - SYSTEM CONTROL NUMBER | |
| System control number | (Sirsi) u119391 |
| 100 ## - MAIN ENTRY--PERSONAL NAME | |
| Personal name | Hamson, L |
| 245 ## - TITLE STATEMENT | |
| Title | Stand off |
| 260 ## - PUBLICATION, DISTRIBUTION, ETC. | |
| Date of publication, distribution, etc. | 2002 |
| 490 ## - SERIES STATEMENT | |
| Series statement | Property Week |
| Volume/sequential designation | 67(25) 28 June 2002, 34-37(4) |
| 520 ## - SUMMARY, ETC. | |
| Summary, etc. | A series of articles on the bidding war over commercial property as more buyers, driven by debt, are moving into competition with the institutions. Includes features on Matrix's £350m fund to target higher yielding properties in order to combat institutional buyers; an interview with Peter Roscrow, MD of Close Property Management and a report on Charles Fry's career. |
| 590 ## - LOCAL NOTE (RLIN) | |
| Local note | ABS |
| 650 ## - SUBJECT ADDED ENTRY--TOPICAL TERM | |
| Topical term or geographic name entry element | PRIVATE INVESTORS |
| 650 ## - SUBJECT ADDED ENTRY--TOPICAL TERM | |
| Topical term or geographic name entry element | INSTITUTIONAL INVESTORS |
| 650 ## - SUBJECT ADDED ENTRY--TOPICAL TERM | |
| Topical term or geographic name entry element | PROPERTY COMPANIES |
| 650 ## - SUBJECT ADDED ENTRY--TOPICAL TERM | |
| Topical term or geographic name entry element | INVESTMENT MARKET |
| 690 ## - LOCAL SUBJECT ADDED ENTRY--TOPICAL TERM (OCLC, RLIN) | |
| Topical term or geographic name as entry element | PROPERTY-COMMERCIAL PROPERTY-COMMERCIAL PROPERTY FINANCE AND INVESTMENT |
| 942 ## - ADDED ENTRY ELEMENTS (KOHA) | |
| Suppress in OPAC | 0 |
| Withdrawn status | Lost status | Source of classification or shelving scheme | Damaged status | Not for loan | Home library | Current library | Shelving location | Date acquired | Total Checkouts | Full call number | Barcode | Date last seen | Copy number | Price effective from | Koha item type |
|---|---|---|---|---|---|---|---|---|---|---|---|---|---|---|---|
| Dewey Decimal Classification | London | London | Journal article | 19/08/2002 | ABS65809 | 119391-1001 | 06/08/2019 | 1 | 06/08/2019 | Journal article |